[Event "Aspropyrgos op-A 1st"]
[Site "Aspropyrgos"]
[Date "2019.09.22"]
[Round "9"]
[White "Pessiridis, Isaak"]
[Black "Papadopoulos, Petros"]
[Result "0-1"]
[WhiteElo "1777"]
[BlackElo "2221"]
[PlyCount "106"]
[EventDate "2019.09.14"]
[EventType "swiss"]
[EventRounds "9"]
[EventCountry "GRE"]
[SourceTitle "CBM 195 Extra"]
[Source "ChessBase"]
[SourceDate "2020.05.31"]
[SourceVersion "1"]
[SourceVersionDate "2020.05.31"]
[SourceQuality "1"]

1. e4 c5 2. Nf3 e6 3. d4 cxd4 4. Nxd4 Nf6 5. Bd3 d6 6. 0-0 Nbd7 7. Nc3 a6 8. a4 Be7 9. Be3 Qc7 10. f4 0-0 11. g4 Nc5 12. g5 Nfd7 13. Qh5 g6 14. Qe2 Re8 15. a5 b5 16. b4 Nxd3 17. cxd3 Bb7 18. Qb2 Bf8 19. Rac1 Qd8 20. Nf3 Rc8 21. d4 d5 22. e5 Nb8 23. Na2 Nc6 24. Bd2 Ne7 25. Rxc8 Qxc8 26. Rc1 Qd7 27. Nc3 Rc8 28. Na2 Rc4 29. Bc3 Nf5 30. Kf2 Qc8 31. Nd2 Rc7 32. Nf3 Ba8 33. Rc2 Qb7 34. Nc1 Qc6 35. Ne1 h6 36. Bd2 Qb7 37. Rxc7 Qxc7 38. Qc3 Qc4 39. Nf3 hxg5 40. fxg5 Ne7 41. Nd3 Bb7 42. Nfe1 Nc6 43. Ke3 Be7 44. h4 Bf8 45. Nf3 Ne7 46. Kf2 Nf5 47. Nc1 Be7 48. Be1 Bxb4 49. Qxb4 Qxc1 50. Qc3 Qf4 51. Qd2 Qg3+ 52. Ke2 Qg2+ 53. Bf2 Ng3+ 0-1

[Event "Aspropyrgos op-A 1st"]
[Site "Aspropyrgos"]
[Date "2019.09.19"]
[Round "6"]
[White "Pessiridis, Isaak"]
[Black "Salahidou, Reveka"]
[Result "1-0"]
[WhiteElo "1777"]
[BlackElo "1948"]
[PlyCount "77"]
[EventDate "2019.09.14"]
[EventType "swiss"]
[EventRounds "9"]
[EventCountry "GRE"]
[SourceTitle "CBM 195 Extra"]
[Source "ChessBase"]
[SourceDate "2020.05.31"]
[SourceVersion "1"]
[SourceVersionDate "2020.05.31"]
[SourceQuality "1"]

1. e4 c5 2. Nf3 e6 3. d4 cxd4 4. Nxd4 a6 5. c4 Qc7 6. Nc3 Nf6 7. a3 Be7 8. Be3 d6 9. Be2 Nbd7 10. f3 b6 11. 0-0 0-0 12. b4 Bb7 13. Rc1 Rac8 14. Qd2 Qb8 15. Na4 Bd8 16. Nb3 Bc7 17. g3 d5 18. exd5 exd5 19. c5 Bxg3 20. hxg3 Qxg3+ 21. Kh1 Ng4 22. Bf4 Qh3+ 23. Kg1 Ngf6 24. Nd4 bxc5 25. Nxc5 Nxc5 26. bxc5 Rce8 27. Rf2 Qc8 28. c6 Ba8 29. Bd6 Nh5 30. Qg5 g6 31. Rh2 f6 32. Qxd5+ Kh8 33. Bxf8 Rxf8 34. Ne6 Rg8 35. f4 Qb8 36. Kf2 Nxf4 37. Rxh7+ Kxh7 38. Rh1+ Nh5 39. Rxh5+ 1-0

[Event "Aspropyrgos op-A 1st"]
[Site "Aspropyrgos"]
[Date "2019.09.17"]
[Round "4"]
[White "Pessiridis, Isaak"]
[Black "Kaforos, Dimitrios Alkis"]
[Result "1/2-1/2"]
[WhiteElo "1777"]
[BlackElo "2219"]
[PlyCount "125"]
[EventDate "2019.09.14"]
[EventType "swiss"]
[EventRounds "9"]
[EventCountry "GRE"]
[SourceTitle "CBM 195 Extra"]
[Source "ChessBase"]
[SourceDate "2020.05.31"]
[SourceVersion "1"]
[SourceVersionDate "2020.05.31"]
[SourceQuality "1"]

1. e4 c5 2. Nf3 d6 3. d4 cxd4 4. Nxd4 Nf6 5. Nc3 g6 6. Be3 Bg7 7. f3 0-0 8. Qd2 Nc6 9. Bc4 Bd7 10. 0-0-0 Rc8 11. Bb3 Ne5 12. Kb1 Re8 13. Nde2 Qa5 14. Bd4 Be6 15. Nd5 Qxd2 16. Rxd2 Bxd5 17. exd5 Nfd7 18. Ba4 Red8 19. Bxd7 Rxd7 20. b3 a6 21. Bb6 Bh6 22. f4 Ng4 23. c4 e5 24. dxe6 fxe6 25. g3 Nf6 26. Nc3 Rc6 27. Bd4 e5 28. Be3 b5 29. Nd5 Ne4 30. Rc2 bxc4 31. bxc4 exf4 32. Bxf4 Bxf4 33. gxf4 Kf7 34. h4 Rxc4 35. Rxc4 Nd2+ 36. Kc2 Nxc4 37. Kc3 Na5 38. h5 Ke6 39. Kd4 Nc6+ 40. Ke4 Ne7 41. hxg6 hxg6 42. Rh6 Nxd5 43. f5+ Ke7 44. Kxd5 gxf5 45. Rh7+ Kd8 46. Rh8+ Kc7 47. Rf8 Re7 48. Rxf5 Re2 49. Rf7+ Kb6 50. Kxd6 Rxa2 51. Kd5 Rc2 52. Rf1 a5 53. Rb1+ Ka6 54. Kd4 a4 55. Kd3 Rc5 56. Kd2 Ka5 57. Rc1 Rb5 58. Kc2 a3 59. Rb1 Rg5 60. Kb3 Rg3+ 61. Ka2 Ka4 62. Rf1 Rg2+ 63. Ka1 1/2-1/2

[Event "Aspropyrgos op-A 1st"]
[Site "Aspropyrgos"]
[Date "2019.09.14"]
[Round "1"]
[White "Pessiridis, Isaak"]
[Black "Grigoriadis, Mihail"]
[Result "1-0"]
[WhiteElo "1777"]
[BlackElo "2141"]
[PlyCount "51"]
[EventDate "2019.09.14"]
[EventType "swiss"]
[EventRounds "9"]
[EventCountry "GRE"]
[SourceTitle "CBM 195 Extra"]
[Source "ChessBase"]
[SourceDate "2020.05.31"]
[SourceVersion "1"]
[SourceVersionDate "2020.05.31"]
[SourceQuality "1"]

1. e4 d6 2. d4 Nf6 3. Nc3 Nbd7 4. Bc4 e5 5. Nf3 Be7 6. Bxf7+ Kxf7 7. Ng5+ Kg8 8. Ne6 Qe8 9. Nxc7 Qg6 10. Nxa8 Qxg2 11. Rf1 exd4 12. Qxd4 Ne5 13. f3 Nfg4 14. Qd5+ Nf7 15. Qc4 Bh4+ 16. Kd1 Bd7 17. Bf4 g5 18. fxg4 Bxg4+ 19. Kc1 gxf4 20. b3 Kg7 21. Rxf4 Ne5 22. Qc7+ Nd7 23. Kb2 Rxa8 24. Raf1 Be7 25. Nd5 Bf8 26. Nf6 1-0

[Event "GRE-ch U16"]
[Site "Porto Rio"]
[Date "2016.06.30"]
[Round "4"]
[White "Pessiridis, Isaak"]
[Black "Mastrakoulis, Simeon"]
[Result "1-0"]
[WhiteElo "1831"]
[BlackElo "1554"]
[PlyCount "75"]
[EventDate "2016.06.28"]
[EventType "swiss"]
[EventRounds "9"]
[EventCountry "GRE"]
[SourceTitle "CBM 173 Extra"]
[Source "ChessBase"]
[SourceDate "2016.08.29"]
[SourceVersion "1"]
[SourceVersionDate "2016.08.29"]
[SourceQuality "1"]

1. e4 c5 2. Nf3 e6 3. d3 Nc6 4. g3 Nf6 5. Bg2 Be7 6. c3 Qc7 7. Qe2 0-0 8. 0-0 b6 9. Nbd2 d5 10. e5 Nd7 11. Re1 Bb7 12. h4 a6 13. Nf1 Rfe8 14. N1h2 f6 15. Bh3 Nf8 16. Bf4 fxe5 17. Nxe5 Bd6 18. Nhf3 Ne7 19. d4 c4 20. h5 Nf5 21. g4 Ne7 22. g5 Nf5 23. g6 hxg6 24. Ng5 Qe7 25. Qg4 Bc8 26. hxg6 Qf6 27. Ngf3 Nh6 28. Qg3 Nf5 29. Bxf5 exf5 30. Bg5 Bxe5 31. Nxe5 Qd6 32. Bf4 Qf6 33. Kg2 Re6 34. Bg5 f4 35. Qh4 Qf5 36. Rh1 Nxg6 37. Qh7+ Kf8 38. Qh8+ 1-0

[Event "GRE-ch U16"]
[Site "Porto Rio"]
[Date "2016.06.29"]
[Round "2"]
[White "Petrakis, Stylianos"]
[Black "Pessiridis, Isaak"]
[Result "1-0"]
[WhiteElo "2041"]
[BlackElo "1831"]
[PlyCount "61"]
[EventDate "2016.06.28"]
[EventType "swiss"]
[EventRounds "9"]
[EventCountry "GRE"]
[SourceTitle "CBM 173 Extra"]
[Source "ChessBase"]
[SourceDate "2016.08.29"]
[SourceVersion "1"]
[SourceVersionDate "2016.08.29"]
[SourceQuality "1"]

1. e4 c5 2. Nf3 e6 3. d4 cxd4 4. Nxd4 a6 5. Bd3 Qc7 6. 0-0 Nc6 7. Nxc6 dxc6 8. a4 Bc5 9. Nd2 Nf6 10. Kh1 h5 11. f4 Ng4 12. Qf3 g5 13. e5 gxf4 14. Ne4 Qxe5 15. Bxf4 Qd5 16. c4 Qd4 17. Rad1 f5 18. Nxc5 Qxc5 19. Qe2 Kf7 20. b4 Qe7 21. c5 Bd7 22. Bd6 Qf6 23. Bc4 Kg6 24. Bf4 Rh7 25. h3 Nh6 26. Qe3 Bc8 27. Qg3+ Kf7 28. Bg5 Qb2 29. Bxh6 Rxh6 30. Rxf5+ Rf6 31. Rdf1 1-0

[Event "GRE-ch U16"]
[Site "Porto Rio"]
[Date "2016.06.28"]
[Round "1"]
[White "Pessiridis, Isaak"]
[Black "Drakoulakos, Grigorios"]
[Result "1/2-1/2"]
[WhiteElo "1831"]
[BlackElo "2274"]
[PlyCount "140"]
[EventDate "2016.06.28"]
[EventType "swiss"]
[EventRounds "9"]
[EventCountry "GRE"]
[SourceTitle "CBM 173 Extra"]
[Source "ChessBase"]
[SourceDate "2016.08.29"]
[SourceVersion "1"]
[SourceVersionDate "2016.08.29"]
[SourceQuality "1"]

1. e4 c5 2. Nf3 d6 3. d4 cxd4 4. Nxd4 Nf6 5. Nc3 a6 6. Be3 e5 7. Nb3 Be6 8. f3 Be7 9. Qd2 0-0 10. 0-0-0 Nbd7 11. g4 b5 12. g5 b4 13. Ne2 Ne8 14. f4 a5 15. f5 a4 16. fxe6 axb3 17. exf7+ Rxf7 18. cxb3 Rxa2 19. Rg1 Ra1+ 20. Kc2 Qc8+ 21. Kd3 Qa6+ 22. Kc2 Qc6+ 23. Kd3 Rf3 24. Nc1 Nc5+ 25. Ke2 Nxe4 26. Qxb4 Rf8 27. Qc4+ Qxc4+ 28. bxc4 Nc7 29. Rg4 Nc5 30. b4 Na4 31. Rd3 Rb8 32. b5 Ne6 33. Nb3 Ra2+ 34. Ke1 Kh8 35. Bg2 Nb6 36. h4 g6 37. Bc6 Ng7 38. c5 dxc5 39. Bxc5 Bxc5 40. Nxc5 Ra1+ 41. Kd2 Nf5 42. Nd7 Nxd7 43. Rxd7 Nd4 44. Re7 Rd8 45. Re8+ Rxe8 46. Bxe8 Ra8 47. Bc6 Rc8 48. Re4 Nxc6 49. bxc6 Rxc6 50. Rxe5 Rc4 51. h5 gxh5 52. Ke2 Kg7 53. Kf2 Rg4 54. Kf3 Kg6 55. Ra5 Rb4 56. Kg3 h4+ 57. Kh3 Kh5 58. Rc5 Rb3+ 59. Kh2 Kg4 60. Rc2 Re3 61. Ra2 Kxg5 62. Rb2 Rf3 63. Ra2 Kg4 64. Ra4+ Rf4 65. Rxf4+ Kxf4 66. Kh1 Kg3 67. Kg1 h3 68. Kh1 h5 69. Kg1 h2+ 70. Kh1 Kh3 1/2-1/2

[Event "GRE-ch U16"]
[Site "Rio Achaia"]
[Date "2015.06.30"]
[Round "7.11"]
[White "Koutsidis, Achilleas"]
[Black "Pessiridis, Isaak"]
[Result "1/2-1/2"]
[WhiteElo "1624"]
[BlackElo "1762"]
[PlyCount "86"]
[EventDate "2015.06.26"]
[EventType "swiss"]
[EventRounds "9"]
[EventCountry "GRE"]
[SourceTitle "EXT 2024"]
[Source "ChessBase"]
[SourceDate "2023.10.10"]
[SourceVersion "1"]
[SourceVersionDate "2023.10.10"]
[SourceQuality "1"]

1. d4 d5 2. c4 e6 3. Nc3 f5 4. e3 c6 5. Bd3 Nf6 6. Nge2 Bd6 7. f3 0-0 8. 0-0 Nbd7 9. Qc2 dxc4 10. Bxc4 Nb6 11. Bd3 Nfd5 12. a3 e5 13. dxe5 Bxe5 14. Bd2 Qe7 15. Nxd5 Nxd5 16. e4 fxe4 17. Bxe4 Nf6 18. Bb4 Bd6 19. Bxd6 Qxd6 20. Rad1 Qe5 21. Bd3 Be6 22. Rfe1 Qe3+ 23. Kh1 Bd5 24. Nc3 Qh6 25. Nxd5 Nxd5 26. Bc4 Rfe8 27. Bxd5+ cxd5 28. Qd3 Qc6 29. h3 Rxe1+ 30. Rxe1 Rd8 31. Qd4 Qf6 32. Qxf6 gxf6 33. Kg1 Kf7 34. Kf2 h5 35. g4 h4 36. Re2 a6 37. Ke1 Rc8 38. Kd2 Rc4 39. Re3 Rf4 40. Rd3 Ke6 41. b3 Ke5 42. Ke3 Ke6 43. Kd2 Ke5 1/2-1/2

[Event "GRE-ch U16"]
[Site "Rio Achaia"]
[Date "2015.06.29"]
[Round "5.12"]
[White "Pasoglou, Ekaterini"]
[Black "Pessiridis, Isaak"]
[Result "0-1"]
[WhiteElo "1713"]
[BlackElo "1762"]
[PlyCount "76"]
[EventDate "2015.06.26"]
[EventType "swiss"]
[EventRounds "9"]
[EventCountry "GRE"]
[SourceTitle "EXT 2024"]
[Source "ChessBase"]
[SourceDate "2023.10.10"]
[SourceVersion "1"]
[SourceVersionDate "2023.10.10"]
[SourceQuality "1"]

1. e4 c5 2. Nf3 e6 3. d4 cxd4 4. Nxd4 a6 5. Bd3 Qc7 6. 0-0 Nc6 7. Nxc6 dxc6 8. Nd2 Nf6 9. a4 h5 10. Nc4 b5 11. Ne3 Bb7 12. Qe2 Bc5 13. b4 Bd4 14. Ra3 Qe5 15. f4 Qc7 16. Kh1 0-0-0 17. axb5 cxb5 18. c4 h4 19. Nc2 h3 20. Nxd4 Rxd4 21. Bb2 hxg2+ 22. Kxg2 Rxd3 23. Rxd3 Bxe4+ 24. Kg1 Bxd3 25. Qxd3 bxc4 26. Qf3 Qb6+ 27. Rf2 Nd5 28. f5 Qe3 29. Qxe3 Nxe3 30. fxe6 fxe6 31. Bxg7 Rg8 32. Rf8+ Rxf8 33. Bxf8 Nf5 34. Kf2 Kd7 35. Bc5 Kc6 36. Ke2 a5 37. Kd2 a4 38. Kc3 Kb5 0-1

[Event "GRE-ch U16"]
[Site "Rio Achaia"]
[Date "2015.06.27"]
[Round "2.15"]
[White "Pessiridis, Isaak"]
[Black "Prokopiou, Ioannis"]
[Result "1/2-1/2"]
[WhiteElo "1762"]
[BlackElo "1553"]
[PlyCount "53"]
[EventDate "2015.06.26"]
[EventType "swiss"]
[EventRounds "9"]
[EventCountry "GRE"]
[SourceTitle "EXT 2024"]
[Source "ChessBase"]
[SourceDate "2023.10.10"]
[SourceVersion "1"]
[SourceVersionDate "2023.10.10"]
[SourceQuality "1"]

1. e4 c6 2. d4 d5 3. Nc3 dxe4 4. Nxe4 Bf5 5. Ng3 Bg6 6. Bc4 e6 7. N1e2 Bd6 8. f4 Ne7 9. 0-0 Nd7 10. Be3 Nf6 11. Nc3 Qc7 12. a4 Ned5 13. Bxd5 Nxd5 14. Nxd5 cxd5 15. c3 0-0 16. Kh1 a6 17. h4 Qd8 18. Qg4 f5 19. Qh3 Be8 20. b4 b5 21. a5 Rf6 22. Ne2 Bh5 23. Ng1 Bg4 24. Qh2 Rh6 25. g3 Be7 26. Nf3 Rc8 27. Bd2 1/2-1/2

[Event "Nikaia Fysiolatriko op A"]
[Site "Nikaia"]
[Date "2015.06.18"]
[Round "2"]
[White "Grigoriadis, Mihail"]
[Black "Pessiridis, Isaak"]
[Result "1-0"]
[WhiteElo "2049"]
[BlackElo "1762"]
[PlyCount "69"]
[EventDate "2015.06.16"]
[EventType "swiss"]
[EventRounds "9"]
[EventCountry "GRE"]
[SourceTitle "EXT 2024"]
[Source "ChessBase"]
[SourceDate "2023.10.10"]
[SourceVersion "1"]
[SourceVersionDate "2023.10.10"]
[SourceQuality "1"]

1. e4 c5 2. Nf3 e6 3. d4 cxd4 4. Nxd4 a6 5. c4 Qc7 6. Nc3 Nf6 7. Qd3 Be7 8. Be2 0-0 9. 0-0 d6 10. g4 Nbd7 11. g5 Ne5 12. Qc2 Ne8 13. Be3 f5 14. exf5 exf5 15. Nd5 Qd8 16. f4 Nc6 17. Rfe1 Nc7 18. Bf3 Kh8 19. Nxc6 bxc6 20. Nxe7 Qxe7 21. Bxc6 Qf7 22. Bxa8 Nxa8 23. Rad1 Bb7 24. Rxd6 Re8 25. Qf2 Qe7 26. Bd4 Qxe1+ 27. Qxe1 Rxe1+ 28. Kf2 Re8 29. Rd7 Bc6 30. Rxg7 Re4 31. Bc3 Rxf4+ 32. Ke2 Rxc4 33. Bf6 Re4+ 34. Kd2 Re6 35. Bc3 1-0

[Event "Peristeri op"]
[Site "Peristeri"]
[Date "2015.01.03"]
[Round "2"]
[White "Pessiridis, Isaak"]
[Black "Anthopoulos, Hristos"]
[Result "0-1"]
[WhiteElo "1768"]
[BlackElo "1930"]
[PlyCount "86"]
[EventDate "2015.01.02"]
[EventType "swiss"]
[EventRounds "7"]
[EventCountry "GRE"]
[SourceTitle "EXT 2016"]
[Source "ChessBase"]
[SourceDate "2015.10.08"]
[SourceVersion "1"]
[SourceVersionDate "2015.10.08"]
[SourceQuality "1"]

1. e4 c5 2. Nc3 d6 3. d3 a6 4. g3 g6 5. Bg2 Bg7 6. Nge2 Nc6 7. 0-0 e6 8. f4 Nge7 9. Be3 0-0 10. d4 cxd4 11. Nxd4 Qb6 12. Na4 Qc7 13. Nxc6 bxc6 14. Bb6 Qd7 15. c4 Rb8 16. c5 d5 17. e5 Nf5 18. Qd3 f6 19. Rae1 fxe5 20. fxe5 Qe7 21. a3 a5 22. g4 Nh6 23. Rxf8+ Qxf8 24. Bc7 Ra8 25. Bd6 Qf4 26. Nb6 Nxg4 27. Qg3 Qd4+ 28. Kh1 Nf2+ 29. Kg1 Ng4+ 30. Kh1 Bh6 31. Bf3 Nf2+ 32. Kg2 Nd3 33. Rf1 Ba6 34. Rd1 Qxb2+ 35. Kh1 Nf2+ 36. Kg1 Be3 37. Re1 Ne4+ 38. Rxe3 Nxg3 39. hxg3 Qc1+ 40. Kg2 Qxe3 41. Nxa8 Qe1 42. Kh3 Bf1+ 43. Kh4 Qe3 0-1

[Event "Peristeri op"]
[Site "Peristeri"]
[Date "2015.01.02"]
[Round "1"]
[White "Dounis, Alexandros"]
[Black "Pessiridis, Isaak"]
[Result "1-0"]
[WhiteElo "2244"]
[BlackElo "1768"]
[PlyCount "102"]
[EventDate "2015.01.02"]
[EventType "swiss"]
[EventRounds "7"]
[EventCountry "GRE"]
[SourceTitle "EXT 2016"]
[Source "ChessBase"]
[SourceDate "2015.10.08"]
[SourceVersion "1"]
[SourceVersionDate "2015.10.08"]
[SourceQuality "1"]

1. Nf3 d5 2. g3 e6 3. Bg2 c6 4. 0-0 Be7 5. d3 f5 6. Nbd2 Nf6 7. Qe1 0-0 8. e4 Nbd7 9. exf5 exf5 10. Qe6+ Kh8 11. Re1 Bc5 12. Nb3 Bxf2+ 13. Kxf2 Ne5 14. Qxe5 Ng4+ 15. Kg1 Nxe5 16. Nxe5 Be6 17. Nxc6 bxc6 18. Rxe6 Re8 19. Rxe8+ Qxe8 20. Bd2 Qh5 21. Re1 Re8 22. Rxe8+ Qxe8 23. Kf2 Qh5 24. Nd4 Qd1 25. Bb4 Qc1 26. Bc3 c5 27. Ne2 Qxc2 28. d4 cxd4 29. Bxd4 Qc4 30. a3 a5 31. Bc3 Kg8 32. Ke3 g5 33. Nd4 f4+ 34. gxf4 gxf4+ 35. Kd2 a4 36. Bf3 Kf7 37. Be2 Qc7 38. Bd3 Qe7 39. Nf5 Qg5 40. h4 Qg2+ 41. Kc1 Qg1+ 42. Kc2 f3 43. Bd4 Qh2+ 44. Kc3 f2 45. Nh6+ Ke8 46. Ng4 Qc7+ 47. Kb4 Qf4 48. Nf6+ Kf7 49. Kc5 f1Q 50. Bxf1 Qxf1 51. Nxd5 Qf4 1-0

[Event "GRE-ch U14"]
[Site "Greece"]
[Date "2014.07.07"]
[Round "6"]
[White "Pessiridis, Isaak"]
[Black "Alexiadis, Hristos"]
[Result "0-1"]
[WhiteElo "1698"]
[BlackElo "2011"]
[PlyCount "48"]
[EventDate "2014.07.04"]
[EventType "swiss"]
[EventRounds "9"]
[EventCountry "GRE"]
[SourceTitle "EXT 2017"]
[Source "ChessBase"]
[SourceDate "2016.10.25"]
[SourceVersion "1"]
[SourceVersionDate "2016.10.25"]
[SourceQuality "1"]

1. e4 c5 2. Nf3 d6 3. d4 Nf6 4. Bb5+ Bd7 5. Bxd7+ Qxd7 6. Nc3 cxd4 7. Nxd4 Nc6 8. 0-0 g6 9. f3 Bg7 10. Be3 0-0 11. Nd5 Rfc8 12. c3 Ne5 13. Bf2 Rab8 14. a4 b6 15. Nb5 a6 16. Na3 Nxd5 17. Qxd5 Qxa4 18. f4 Ng4 19. f5 Qc6 20. fxg6 hxg6 21. Qb3 Be5 22. Bg3 Bxg3 23. Qxf7+ Kh8 24. hxg3 Qc5+ 0-1

[Event "GRE-ch U14"]
[Site "Greece"]
[Date "2014.07.06"]
[Round "4"]
[White "Giannoulakis, Labros"]
[Black "Pessiridis, Isaak"]
[Result "0-1"]
[WhiteElo "2002"]
[BlackElo "1698"]
[PlyCount "62"]
[EventDate "2014.07.04"]
[EventType "swiss"]
[EventRounds "9"]
[EventCountry "GRE"]
[SourceTitle "EXT 2017"]
[Source "ChessBase"]
[SourceDate "2016.10.25"]
[SourceVersion "1"]
[SourceVersionDate "2016.10.25"]
[SourceQuality "1"]

1. d4 d5 2. Nf3 e6 3. c4 c6 4. e3 f5 5. Nc3 Nf6 6. Bd3 Be7 7. 0-0 0-0 8. Qc2 Ne4 9. Ne5 Nd7 10. Nxd7 Bxd7 11. f3 Nxc3 12. bxc3 Qc7 13. Bd2 c5 14. a4 Bd6 15. h3 Rac8 16. Rfc1 Rf6 17. Qa2 Rg6 18. Be1 Bc6 19. cxd5 Bxd5 20. Qe2 cxd4 21. e4 Bb3 22. exf5 exf5 23. Bxf5 Bc4 24. Qe4 Rg5 25. Bxc8 Qxc8 26. Bd2 Bd5 27. Qh4 Rg3 28. cxd4 Qf5 29. Be1 Rxg2+ 30. Kh1 Rh2+ 31. Kg1 Rh1+ 0-1

[Event "GRE-ch U14"]
[Site "Greece"]
[Date "2014.07.05"]
[Round "2"]
[White "Kouskoutis, Georgios Alexandros"]
[Black "Pessiridis, Isaak"]
[Result "1-0"]
[WhiteElo "2010"]
[BlackElo "1698"]
[PlyCount "63"]
[EventDate "2014.07.04"]
[EventType "swiss"]
[EventRounds "9"]
[EventCountry "GRE"]
[SourceTitle "EXT 2017"]
[Source "ChessBase"]
[SourceDate "2016.10.25"]
[SourceVersion "1"]
[SourceVersionDate "2016.10.25"]
[SourceQuality "1"]

1. e4 c5 2. Nf3 e6 3. d4 cxd4 4. Nxd4 a6 5. Bd3 Bc5 6. Nb3 Be7 7. Nc3 Qc7 8. 0-0 Nf6 9. f4 d6 10. Qe2 Nbd7 11. a4 b6 12. Kh1 Bb7 13. Bd2 Nc5 14. Nxc5 dxc5 15. e5 Nd7 16. Rae1 g6 17. b3 h5 18. Ne4 h4 19. h3 Rg8 20. Qf2 0-0-0 21. Bc3 g5 22. fxg5 Nxe5 23. Bxe5 Qxe5 24. Nf6 Qxg5 25. Nxg8 Rxg8 26. Be4 e5 27. Qf3 Bxe4 28. Qxe4 Rg6 29. Rd1 Rf6 30. Qa8+ Kc7 31. Qa7+ Kc6 32. Qd7# 1-0

[Event "GRE-ch U14"]
[Site "Greece"]
[Date "2014.07.04"]
[Round "1"]
[White "Pessiridis, Isaak"]
[Black "Kalikakis, Nikolaos"]
[Result "1-0"]
[WhiteElo "1698"]
[BlackElo "1350"]
[PlyCount "52"]
[EventDate "2014.07.04"]
[EventType "swiss"]
[EventRounds "9"]
[EventCountry "GRE"]
[SourceTitle "EXT 2017"]
[Source "ChessBase"]
[SourceDate "2016.10.25"]
[SourceVersion "1"]
[SourceVersionDate "2016.10.25"]
[SourceQuality "1"]

1. e4 c5 2. Nf3 e6 3. d4 cxd4 4. Nxd4 Nf6 5. Nc3 d6 6. Be3 a6 7. f3 b5 8. Qd2 Nbd7 9. g4 Nb6 10. Qf2 Nfd7 11. 0-0-0 Bb7 12. Bd3 Ne5 13. Nxe6 fxe6 14. Bxb6 Qd7 15. f4 Nxg4 16. Qg3 Nf6 17. Rhe1 b4 18. Ne2 Bxe4 19. Ng1 Qc6 20. Ba5 d5 21. f5 Qc5 22. Qe5 Rc8 23. Qxe6+ Be7 24. Bxb4 Qc7 25. Bxe7 Qxe7 26. Qxc8+ Qd8 1-0

[Event "GRE-ch U12"]
[Site "Rio Achaia"]
[Date "2012.06.25"]
[Round "2.8"]
[White "Pessiridis, Isaak"]
[Black "Stavropoulos, Konstantinos"]
[Result "1/2-1/2"]
[WhiteElo "1653"]
[BlackElo "1489"]
[PlyCount "75"]
[EventDate "2012.06.24"]
[EventType "swiss"]
[EventRounds "7"]
[EventCountry "GRE"]
[SourceTitle "EXT 2024"]
[Source "ChessBase"]
[SourceDate "2023.10.10"]
[SourceVersion "1"]
[SourceVersionDate "2023.10.10"]
[SourceQuality "1"]

1. e4 c5 2. Nf3 e6 3. d4 cxd4 4. Nxd4 Nf6 5. Nc3 Bb4 6. Bd3 Nc6 7. Nxc6 bxc6 8. e5 Nd5 9. Bd2 0-0 10. 0-0 Nxc3 11. Bxc3 Bxc3 12. bxc3 Qa5 13. Re1 f6 14. Re3 f5 15. Kh1 Rb8 16. Rb1 Ba6 17. Bxa6 Qxa6 18. h3 Rxb1 19. Qxb1 Qb6 20. Qb4 Qc7 21. f4 Rb8 22. Qe7 g6 23. Rd3 Rb7 24. c4 c5 25. h4 Qc8 26. Rb3 Rxb3 27. cxb3 Qc6 28. Qd8+ Kg7 29. Qf6+ Kg8 30. Qg5 Kf7 31. Qf6+ Kg8 32. h5 gxh5 33. Qg5+ Kh8 34. Qxh5 d5 35. Qf7 h6 36. Qf8+ Kh7 37. Qd6 Qe8 38. cxd5 1/2-1/2

[Event "GRE-ch U12"]
[Site "Rio Achaia"]
[Date "2012.06.25"]
[Round "3.9"]
[White "Sidiropoulos, Georgios Th"]
[Black "Pessiridis, Isaak"]
[Result "1/2-1/2"]
[WhiteElo "1476"]
[BlackElo "1653"]
[PlyCount "89"]
[EventDate "2012.06.24"]
[EventType "swiss"]
[EventRounds "7"]
[EventCountry "GRE"]
[SourceTitle "EXT 2024"]
[Source "ChessBase"]
[SourceDate "2023.10.10"]
[SourceVersion "1"]
[SourceVersionDate "2023.10.10"]
[SourceQuality "1"]

1. e4 c5 2. Nc3 d6 3. g3 g6 4. Bg2 Bg7 5. d3 Nc6 6. Be3 Nf6 7. Qd2 Be6 8. Nge2 Qd7 9. Nf4 0-0 10. 0-0-0 b5 11. Nxe6 fxe6 12. Ne2 Ng4 13. h3 Nxf2 14. Bxf2 Rxf2 15. Rhg1 Nd4 16. Rde1 Rxg2 17. Rxg2 Nf3 18. Qd1 Bh6+ 19. Kb1 Nxe1 20. Qxe1 e5 21. g4 Bf4 22. Qa5 Rf8 23. a3 Be3 24. Nc3 Rf1+ 25. Ka2 Qe6+ 26. Nd5 Qd7 27. Qc7 Qxc7 28. Nxc7 c4 29. Nxb5 cxd3 30. cxd3 Bb6 31. Rg3 Rf2 32. Kb3 Kf7 33. Nc3 e6 34. Nd1 Rd2 35. Rf3+ Ke7 36. Nc3 g5 37. Nb5 Bd4 38. Nc3 h6 39. Na4 Kd7 40. Nc3 Kc6 41. Na4 a5 42. Nc3 Kc5 43. Na4+ Kb5 44. Nc3+ Bxc3 45. Kxc3 1/2-1/2

[Event "GRE-ch U20"]
[Site "Nikaia"]
[Date "2012.01.08"]
[Round "6"]
[White "Pessiridis, Isaak"]
[Black "Kourkoulos Arditis, Stamatis"]
[Result "0-1"]
[WhiteElo "1656"]
[BlackElo "2151"]
[PlyCount "60"]
[EventDate "2012.01.03"]
[EventType "swiss"]
[EventRounds "7"]
[EventCountry "GRE"]
[SourceTitle "CBM 146 Extra"]
[Source "ChessBase"]
[SourceDate "2012.02.29"]
[SourceVersion "1"]
[SourceVersionDate "2012.02.29"]
[SourceQuality "1"]

1. e4 g6 2. d4 Bg7 3. Nf3 d6 4. Nc3 a6 5. Be3 b5 6. Bd3 Bb7 7. a3 Nd7 8. d5 Ngf6 9. Qd2 0-0 10. Bh6 c5 11. dxc6 Bxc6 12. Bxg7 Kxg7 13. Nd4 Bb7 14. Qg5 Kh8 15. h4 Qb6 16. Nf3 b4 17. axb4 Qxb4 18. Qa5 Qc5 19. Qxc5 Nxc5 20. Nd2 Rfc8 21. 0-0 Bc6 22. Nc4 Nfd7 23. Na5 Rab8 24. Nxc6 Rxc6 25. Rfb1 Nxd3 26. cxd3 Nc5 27. d4 Nb3 28. Ra4 Nd2 29. d5 Rxc3 30. Rd1 Rxb2 0-1

[Event "GRE-ch U20"]
[Site "Nikaia"]
[Date "2012.01.07"]
[Round "5"]
[White "Pessiridis, Isaak"]
[Black "Kefalas, Spyridon"]
[Result "1/2-1/2"]
[WhiteElo "1656"]
[BlackElo "1915"]
[PlyCount "170"]
[EventDate "2012.01.03"]
[EventType "swiss"]
[EventRounds "7"]
[EventCountry "GRE"]
[SourceTitle "CBM 146 Extra"]
[Source "ChessBase"]
[SourceDate "2012.02.29"]
[SourceVersion "1"]
[SourceVersionDate "2012.02.29"]
[SourceQuality "1"]

1. e4 c6 2. d4 d5 3. Nc3 dxe4 4. Nxe4 Bf5 5. Ng3 Bg6 6. h4 h6 7. Nf3 Nd7 8. h5 Bh7 9. Bd3 Bxd3 10. Qxd3 e6 11. Bf4 Qa5+ 12. Bd2 Qc7 13. 0-0-0 Ngf6 14. Kb1 Bd6 15. Ne4 Nxe4 16. Qxe4 Nf6 17. Qe2 0-0-0 18. Ne5 Rhf8 19. g3 Nd7 20. Nc4 b5 21. Nxd6+ Qxd6 22. c4 bxc4 23. Qxc4 Qd5 24. Qa6+ Kb8 25. Bf4+ Ka8 26. Rc1 Rc8 27. Rhe1 Qb5 28. Qxb5 cxb5 29. Be5 Rxc1+ 30. Rxc1 Nxe5 31. dxe5 Kb7 32. Rd1 Rc8 33. f4 Rc7 34. Rd8 Rc8 35. Rxc8 Kxc8 36. Kc2 Kd7 37. Kd3 g6 38. g4 gxh5 39. gxh5 Kc6 40. Kd4 a5 41. a3 a4 42. Kc3 Kd5 43. Kb4 Ke4 44. Kxb5 Kxf4 45. Kxa4 Kxe5 46. b4 f5 47. Kb3 f4 48. Kc3 f3 49. Kd2 Kf4 50. Ke1 Kg3 51. Kf1 e5 52. b5 e4 53. b6 e3 54. b7 e2+ 55. Ke1 Kg2 56. b8Q f2+ 57. Kxe2 f1Q+ 58. Ke3 Qf3+ 59. Kd2 Qd5+ 60. Ke3 Qc5+ 61. Ke4 Qc2+ 62. Ke5 Qc5+ 63. Ke6 Qxh5 64. Qb7+ Kf2 65. Qb2+ Ke3 66. Qc1+ Kd3 67. Qb1+ Ke3 68. Qb3+ Ke2 69. a4 Qg6+ 70. Kd7 Qg7+ 71. Kd6 Qd4+ 72. Ke6 Qg4+ 73. Ke5 Qg5+ 74. Kd4 Qf6+ 75. Kc4 Qf4+ 76. Kc5 Qc7+ 77. Kb4 Qd6+ 78. Ka5 Qd2+ 79. Ka6 Qd6+ 80. Kb5 Qb8+ 81. Kc4 Qc7+ 82. Kd4 Qg7+ 83. Ke4 Qg4+ 84. Ke5 Qg5+ 85. Kd6 Qd8+ 1/2-1/2